Statistics for Acronyms

Click here to take the quiz!

General Stats

  • This quiz has been taken 46 times
  • The average score is 11 of 15

Answer Stats

AcronymMeaning% Correct
BTWBy the way
95%
ASAPas soon as possible
95%
BRBBe Right Back
92%
TGIFThank God It's Friday
92%
LOLlaugh out loud
92%
TYThank You
85%
TBHTo be honest
79%
ROTFLRolling on the Floor Laughing
77%
PEPhysical Education
74%
TTYLTalk to you Later
69%
IRLIn Real Life
59%
GGGood game
56%
AFKAway from keyboard
49%
TCTake Care
23%
NTMYNice to Meet You
13%

Score Distribution

Percentile by Number Answered

Percent of People with Each Score

Your Score History

You have not taken this quiz